[Event "Marseille op"]
[Site "Marseille"]
[Date "2007.12.29"]
[Round "6"]
[White "Axisa, Gerard"]
[Black "Maiffret, Patrick"]
[Result "0-1"]
[WhiteElo "1966"]
[BlackElo "1956"]
[PlyCount "64"]
[EventDate "2007.12.27"]
[EventType "swiss"]
[EventRounds "9"]
[EventCountry "FRA"]
[SourceTitle "CBM 122 Extra"]
[Source "ChessBase"]
[SourceDate "2008.03.04"]
[SourceVersion "1"]
[SourceVersionDate "2008.03.04"]
[SourceQuality "1"]

1. e4 e5 2. Nf3 Nc6 3. Bb5 a6 4. Ba4 Nf6 5. 0-0 Nxe4 6. Bxc6 dxc6 7. Nxe5 Be6 8. d4 Be7 9. c3 0-0 10. Qe2 Nf6 11. Be3 Bd6 12. Rd1 Re8 13. Bg5 Qc8 14. Bf4 Bg4 15. f3 Bf5 16. Qd2 Nh5 17. g4 Nxf4 18. Qxf4 Bg6 19. Qd2 Bxe5 20. dxe5 Rxe5 21. Na3 Rd5 22. Qf4 Qd7 23. Rxd5 cxd5 24. Qd2 Qd6 25. Nc2 Bxc2 26. Qxc2 Re8 27. Qf2 Qe5 28. Rd1 c6 29. Kf1 Kf8 30. Qc5+ Kg8 31. Qf2 f5 32. f4 Qe4 0-1

[Event "FRA-chT3 Gr01 0607"]
[Site "France"]
[Date "2006.12.10"]
[Round "4.4"]
[White "Montroig, Marco"]
[Black "Axisa, Gerard"]
[Result "1/2-1/2"]
[WhiteElo "2058"]
[BlackElo "1963"]
[PlyCount "95"]
[EventDate "2006.10.15"]
[EventType "team"]
[EventRounds "9"]
[EventCountry "FRA"]
[SourceTitle "EXT 2008"]
[Source "ChessBase"]
[SourceDate "2007.11.25"]
[SourceVersion "1"]
[SourceVersionDate "2007.11.25"]
[SourceQuality "1"]

1. d4 Nf6 2. Nf3 d5 3. e3 b6 4. Ne5 Bb7 5. Nd2 e6 6. Bd3 Bd6 7. 0-0 0-0 8. b3 Nbd7 9. Bb2 c5 10. Ndf3 h6 11. Rc1 Rc8 12. Qe2 Nb8 13. Rfd1 Qe7 14. c4 Rfd8 15. Bb1 cxd4 16. exd4 dxc4 17. bxc4 Nbd7 18. Rc3 Bb4 19. Re3 Nf8 20. Nd2 Qc7 21. Rg3 Bd6 22. f4 Qe7 23. Rf1 g6 24. f5 exf5 25. Bxf5 Rc7 26. Qf2 Bxe5 27. dxe5 Nh5 28. Rh3 Qc5 29. Rd3 Rxd3 30. Bxd3 Qxf2+ 31. Rxf2 Ne6 32. g3 Nc5 33. Bf1 Ng7 34. Nb3 Nge6 35. Nd4 Nxd4 36. Bxd4 Ne6 37. Be3 Kg7 38. Rd2 Ba6 39. Rc2 Bb7 40. Rd2 Re7 41. Bh3 Nc7 42. Rd7 Rxd7 43. Bxd7 g5 44. c5 bxc5 45. Bxc5 a6 46. Kf2 Bd5 47. a4 Ne6 48. Bxe6 1/2-1/2

[Event "Marseille Hiver op"]
[Site "Marseille"]
[Date "2005.12.29"]
[Round "5"]
[White "Teychene, Jean Louis"]
[Black "Axisa, Gerard"]
[Result "1-0"]
[WhiteElo "2043"]
[BlackElo "1965"]
[PlyCount "69"]
[EventDate "2005.12.27"]
[EventType "swiss"]
[EventRounds "9"]
[EventCountry "FRA"]
[SourceTitle "CBM 110 Extra"]
[Source "ChessBase"]
[SourceDate "2006.03.10"]
[SourceVersion "2"]
[SourceVersionDate "2006.03.10"]
[SourceQuality "1"]

1. Nf3 Nf6 2. d4 d5 3. c4 e6 4. Nc3 b6 5. Bg5 Be7 6. e3 0-0 7. Bd3 Bb7 8. Rc1 Nbd7 9. 0-0 c5 10. Qe2 Re8 11. Ne5 Nxe5 12. dxe5 Nd7 13. Bxe7 Qxe7 14. f4 a6 15. Qf3 dxc4 16. Bxh7+ Kxh7 17. Qxb7 b5 18. Qf3 f5 19. e4 g6 20. exf5 gxf5 21. Qh5+ Kg8 22. Rf3 Qh7 23. Rg3+ Kh8 24. Qf3 Qf7 25. Rd1 Nf8 26. Rd6 Ra7 27. Qc6 Ng6 28. Qxc5 Nxf4 29. Qe3 Nh5 30. Rh3 b4 31. Ne2 Kg7 32. Qg5+ Qg6 33. Rxh5 f4 34. Qxg6+ Kxg6 35. Nxf4+ 1-0

[Event "Marseille Hiver op"]
[Site "Marseille"]
[Date "2005.12.27"]
[Round "2"]
[White "Axisa, Gerard"]
[Black "Boudre, Jean Pierre"]
[Result "0-1"]
[WhiteElo "1965"]
[BlackElo "2340"]
[PlyCount "68"]
[EventDate "2005.12.27"]
[EventType "swiss"]
[EventRounds "9"]
[EventCountry "FRA"]
[SourceTitle "CBM 110 Extra"]
[Source "ChessBase"]
[SourceDate "2006.03.10"]
[SourceVersion "2"]
[SourceVersionDate "2006.03.10"]
[SourceQuality "1"]

1. e4 e5 2. Nf3 Nc6 3. Bb5 a6 4. Ba4 Nf6 5. 0-0 b5 6. Bb3 Bb7 7. Ng5 d5 8. exd5 Nd4 9. d6 Nxb3 10. axb3 Bxd6 11. Nc3 b4 12. Ne2 h6 13. Nf3 0-0 14. Ng3 Re8 15. d3 e4 16. Nh4 Bxg3 17. hxg3 exd3 18. cxd3 Qd5 19. Be3 Rad8 20. d4 Re4 21. Nf3 Ng4 22. Re1 Rde8 23. Qd3 Ne5 24. Qd1 Nxf3+ 25. gxf3 R4e6 26. Rc1 Rf6 27. Rc5 Qd6 28. Bf4 Rxe1+ 29. Qxe1 Qxd4 30. Rxc7 Bxf3 31. Be5 Qg4 32. Qc1 Qh3 33. Rc8+ Kh7 34. Qc2+ Rg6 0-1

[Event "Bouches du Rhone-ch 0203"]
[Site "Provence"]
[Date "2002.10.05"]
[Round "1"]
[White "Israel, Daniel"]
[Black "Axisa, Gerard"]
[Result "1-0"]
[WhiteElo "1640"]
[BlackElo "1830"]
[PlyCount "79"]
[EventDate "2002.10.??"]
[EventType "swiss"]
[EventRounds "9"]
[EventCountry "FRA"]
[SourceTitle "EXT 2005"]
[Source "ChessBase"]
[SourceDate "2004.11.15"]
[SourceVersion "1"]
[SourceVersionDate "2004.11.15"]
[SourceQuality "1"]

1. d4 Nf6 2. c4 g6 3. Nc3 d5 4. b3 Bg7 5. Bb2 0-0 6. e3 c5 7. dxc5 Qa5 8. a3 Qxc5 9. b4 Qc7 10. cxd5 Rd8 11. Rc1 Qb6 12. Bc4 Bd7 13. Nge2 Na6 14. Qb3 Be8 15. Na2 Qd6 16. Nac3 Nc7 17. e4 b5 18. Bd3 Ng4 19. h3 Ne5 20. Nd1 Nxd3+ 21. Qxd3 Bxb2 22. Nxb2 e6 23. Qc3 Rac8 24. dxe6 Nxe6 25. Qe3 Qe5 26. Rxc8 Rxc8 27. Nd1 Bc6 28. f3 Rd8 29. 0-0 Nd4 30. Nc1 a6 31. Nd3 Qe7 32. Nc5 a5 33. Nb2 f5 34. Rd1 Ne6 35. exf5 Rxd1+ 36. Nxd1 axb4 37. axb4 gxf5 38. Qxe6+ Qxe6 39. Nxe6 Kf7 40. Nd8+ 1-0